[Event "NAYCC U14"]
[Site "Toronto CAN"]
[Date "2013.08.15"]
[Round "3"]
[White "Balachandran, Shesan"]
[Black "D'Amore, Tyler"]
[Result "0-1"]
[WhiteElo "1227"]
[BlackElo "1036"]
[PlyCount "120"]
[GameId "2160767909284050"]
[EventDate "2013.08.14"]
[EventType "swiss"]
[EventRounds "9"]
[EventCountry "CAN"]
[SourceTitle "EXT 2022"]
[Source "ChessBase"]
[SourceDate "2021.10.06"]
[SourceVersion "1"]
[SourceVersionDate "2021.10.06"]
[SourceQuality "1"]

1. c4 e5 2. Nc3 f5 3. g3 Nf6 4. Bg2 Bc5 5. e3 d6 6. d4 Bb4 7. dxe5 Bxc3+ 8. bxc3 dxe5 9. Qxd8+ Kxd8 10. Ne2 Nc6 11. O-O Be6 12. c5 Ke7 13. Ba3 Bc4 14. Rfe1 Rhd8 15. Rab1 Rab8 16. Nc1 e4 17. Nb3 Rd3 18. Rbc1 Ba6 19. Red1 Rbd8 20. Rxd3 exd3 21. Nd4 Nxd4 22. cxd4 c6 23. Rd1 Nd5 24. Bb2 g5 25. Bf1 h5 26. Bxd3 Bxd3 27. Rxd3 a6 28. Rb3 Rb8 29. f3 Nf6 30. Rb6 g4 31. Kf2 Ke6 32. e4 fxe4 33. f4 Nd5 34. Rb3 Kf5 35. Bc1 b5 36. cxb6 Rxb6 37. Rxb6 Nxb6 38. Ke2 Nd5 39. Kd2 Ke6 40. a4 Ne7 41. Kc3 Kd5 42. Be3 Nf5 43. Bg1 h4 44. gxh4 Nxh4 45. Kb4 Nf3 46. Bf2 Nxd4 47. Ka5 c5 48. Kxa6 c4 49. Kb6 c3 50. Be3 Nf5 51. Bc1 e3 52. Bxe3 Nxe3 53. a5 Nc4+ 54. Kb5 Nxa5 55. Kxa5 c2 56. f5 Ke5 57. f6 Kxf6 58. Kb4 c1=Q 59. Kb5 Qc3 60. Kb6 Qc4 0-1

[Event "NAYCC U14"]
[Site "Toronto CAN"]
[Date "2013.08.15"]
[Round "3"]
[White "Bellissimo, Joseph"]
[Black "Doknjas, John"]
[Result "1/2-1/2"]
[WhiteElo "1999"]
[BlackElo "2086"]
[PlyCount "41"]
[GameId "2160767909284051"]
[EventDate "2013.08.14"]
[EventType "swiss"]
[EventRounds "9"]
[EventCountry "CAN"]
[SourceTitle "EXT 2022"]
[Source "ChessBase"]
[SourceDate "2021.10.06"]
[SourceVersion "1"]
[SourceVersionDate "2021.10.06"]
[SourceQuality "1"]

1. e4 c5 2. c3 d5 3. exd5 Qxd5 4. d4 Nf6 5. Nf3 Bg4 6. dxc5 Qxc5 7. h3 Bh5 8. Be3 Qc7 9. Na3 a6 10. Nc4 Nbd7 11. g4 Bg6 12. g5 Ne4 13. Nh4 Rd8 14. Nxg6 hxg6 15. Qf3 Nec5 16. O-O-O b5 17. Bxc5 Qxc5 18. Rd5 Qc7 19. Ne5 Nxe5 20. Rxe5 Qxe5 21. Qc6+ 1/2-1/2

[Event "NAYCC U14"]
[Site "Toronto CAN"]
[Date "2013.08.15"]
[Round "3"]
[White "Bian, Alex"]
[Black "Tanenbaum, Zachary Chen"]
[Result "1-0"]
[WhiteElo "2059"]
[BlackElo "2143"]
[PlyCount "147"]
[GameId "2160767909284052"]
[EventDate "2013.08.14"]
[EventType "swiss"]
[EventRounds "9"]
[EventCountry "CAN"]
[SourceTitle "EXT 2022"]
[Source "ChessBase"]
[SourceDate "2021.10.06"]
[SourceVersion "1"]
[SourceVersionDate "2021.10.06"]
[SourceQuality "1"]

1. e4 e5 2. Nf3 Nc6 3. d4 exd4 4. Bc4 Nf6 5. e5 d5 6. Bb5 Ne4 7. Nxd4 Bd7 8. Bxc6 bxc6 9. O-O Bc5 10. f3 Ng5 11. Be3 O-O 12. Qd2 f6 13. Kh1 Qe7 14. exf6 Qxf6 15. Nc3 Nf7 16. Nb3 Bxe3 17. Qxe3 Nd6 18. Qd4 Qxd4 19. Nxd4 Rab8 20. Nb3 Nc4 21. Na4 Bf5 22. Rf2 Rb4 23. Nac5 Rb6 24. c3 Re8 25. Nd4 Bg6 26. b3 Nd6 27. Nd7 Rb7 28. Nxc6 Nb5 29. Na5 Rb6 30. Nxb6 axb6 31. Nc6 Nxc3 32. a4 Re3 33. g3 Be8 34. Nd4 c5 35. Nc2 Rd3 36. Re1 Kf7 37. Ne3 Bd7 38. Ng4 Bxg4 39. fxg4+ Kg6 40. Re6+ Kg5 41. Re5+ Kg6 42. h4 h6 43. h5+ Kh7 44. Re8 Ne4 45. Rff8 Rd1+ 46. Kg2 Rd2+ 47. Kf1 Rd1+ 48. Ke2 Nc3+ 49. Ke3 Re1+ 50. Kd2 Rxe8 51. Rxe8 d4 52. Re6 b5 53. axb5 Nxb5 54. Re5 Nd6 55. Kd3 Nb7 56. g5 hxg5 57. Rxg5 Kh6 58. Re5 g6 59. hxg6 Kxg6 60. Re6+ Kf5 61. Rb6 Nd8 62. Rb5 Ne6 63. b4 Ke5 64. Kc4 Ke4 65. bxc5 d3 66. Kc3 Kd5 67. Kxd3 Nxc5+ 68. Rxc5+ Kxc5 69. Ke4 Kd6 70. Kf5 Ke7 71. Kg6 Kf8 72. g4 Kg8 73. g5 Kh8 74. Kf7 1-0

[Event "NAYCC U14"]
[Site "Toronto CAN"]
[Date "2013.08.15"]
[Round "3"]
[White "Dommalapati, Abhinay"]
[Black "Yaskolko, Alexander"]
[Result "1-0"]
[WhiteElo "1945"]
[BlackElo "1720"]
[PlyCount "75"]
[GameId "2160767909284053"]
[EventDate "2013.08.14"]
[EventType "swiss"]
[EventRounds "9"]
[EventCountry "CAN"]
[SourceTitle "EXT 2022"]
[Source "ChessBase"]
[SourceDate "2021.10.06"]
[SourceVersion "1"]
[SourceVersionDate "2021.10.06"]
[SourceQuality "1"]

1. d4 Nf6 2. c4 e5 3. dxe5 Ng4 4. Nf3 Bc5 5. e3 Nc6 6. a3 Ngxe5 7. b4 Be7 8. Bb2 d6 9. Nbd2 O-O 10. Qc2 Bf6 11. Be2 Re8 12. O-O Bg4 13. Rfe1 Nxf3+ 14. Nxf3 h6 15. Bc3 Bf5 16. Qb2 Ne5 17. c5 Nxf3+ 18. Bxf3 Bxc3 19. Qxc3 Be4 20. Bxe4 Rxe4 21. Red1 d5 22. f3 Re6 23. e4 Qe7 24. Rxd5 Rd8 25. Rad1 Rxd5 26. Rxd5 c6 27. Rd4 Qf6 28. Qd3 Re8 29. g3 g6 30. f4 Re7 31. e5 Qe6 32. Kg2 h5 33. h3 f6 34. Qxg6+ Kf8 35. Rd8+ Re8 36. Rxe8+ Qxe8 37. Qxe8+ Kxe8 38. exf6 1-0

[Event "NAYCC U14"]
[Site "Toronto CAN"]
[Date "2013.08.15"]
[Round "3"]
[White "Graif, William"]
[Black "Handigol, Abhishek"]
[Result "1/2-1/2"]
[WhiteElo "2096"]
[BlackElo "2023"]
[PlyCount "99"]
[GameId "2160767909284054"]
[EventDate "2013.08.14"]
[EventType "swiss"]
[EventRounds "9"]
[EventCountry "CAN"]
[SourceTitle "EXT 2022"]
[Source "ChessBase"]
[SourceDate "2021.10.06"]
[SourceVersion "1"]
[SourceVersionDate "2021.10.06"]
[SourceQuality "1"]

1. e4 e5 2. Nf3 d5 3. exd5 Bd6 4. Bb5+ c6 5. dxc6 bxc6 6. Bc4 e4 7. Qe2 Qe7 8. Nd4 Nf6 9. d3 Be5 10. Nb3 Bf5 11. Nc3 O-O 12. Nxe4 Nxe4 13. dxe4 Bxe4 14. O-O Re8 15. f3 Bd5 16. g3 Qb4 17. Bxd5 Bd4+ 18. Nxd4 Rxe2 19. Bxf7+ Kxf7 20. Nxe2 Qc5+ 21. Rf2 Nd7 22. Nc3 Nf6 23. Bd2 Rd8 24. Kg2 Nd5 25. Ne4 Ne3+ 26. Kg1 Qb6 27. Bxe3 Qxe3 28. Kf1 Qd4 29. c3 Qd3+ 30. Re2 Kg8 31. Kf2 Rf8 32. Re3 Qc2+ 33. Re2 Qd3 34. Nd2 Qb5 35. Rb1 Qd3 36. Rbe1 g5 37. Kg2 h6 38. Rf2 g4 39. Re7 a6 40. Re6 gxf3+ 41. Nxf3 Qd5 42. Re5 Qxa2 43. Rfe2 Qf7 44. R2e3 Kh8 45. Re6 h5 46. Rh6+ Kg8 47. Rxc6 Qh7 48. Rd6 Qc2+ 49. Rd2 Qc1 50. Rdd3 1/2-1/2

[Event "NAYCC U14"]
[Site "Toronto CAN"]
[Date "2013.08.15"]
[Round "3"]
[White "Huang, Patrick"]
[Black "Karp, Eli"]
[Result "0-1"]
[WhiteElo "1632"]
[BlackElo "1843"]
[PlyCount "74"]
[GameId "2160767909284055"]
[EventDate "2013.08.14"]
[EventType "swiss"]
[EventRounds "9"]
[EventCountry "CAN"]
[SourceTitle "EXT 2022"]
[Source "ChessBase"]
[SourceDate "2021.10.06"]
[SourceVersion "1"]
[SourceVersionDate "2021.10.06"]
[SourceQuality "1"]

1. d4 Nf6 2. c4 c5 3. d5 e6 4. Nc3 exd5 5. cxd5 d6 6. e4 g6 7. f4 Bg7 8. Bb5+ Bd7 9. e5 dxe5 10. fxe5 Qe7 11. Nf3 O-O 12. O-O Ng4 13. e6 fxe6 14. Qe2 Bxc3 15. Bxd7 Qxd7 16. bxc3 exd5 17. h3 Nf6 18. Bh6 Re8 19. Ne5 Qe6 20. Rae1 Nc6 21. Ng4 Qxe2 22. Nxf6+ Kh8 23. Nxe8 Qxe8 24. Rxe8+ Rxe8 25. Rf7 Rb8 26. Kf2 d4 27. cxd4 Nxd4 28. Rc7 Nc6 29. Ke2 Nd4+ 30. Kd3 Rd8 31. Kc4 b5+ 32. Kc3 Nf5 33. Bg5 b4+ 34. Kc4 Nd6+ 35. Kb3 c4+ 36. Kxb4 Rb8+ 37. Ka5 Rb5+ 0-1

[Event "NAYCC U14"]
[Site "Toronto CAN"]
[Date "2013.08.15"]
[Round "3"]
[White "Katznelson, Roy"]
[Black "Hua, Justin"]
[Result "0-1"]
[WhiteElo "998"]
[BlackElo "1210"]
[PlyCount "90"]
[GameId "2160767909284056"]
[EventDate "2013.08.14"]
[EventType "swiss"]
[EventRounds "9"]
[EventCountry "CAN"]
[SourceTitle "EXT 2022"]
[Source "ChessBase"]
[SourceDate "2021.10.06"]
[SourceVersion "1"]
[SourceVersionDate "2021.10.06"]
[SourceQuality "1"]

1. d4 d5 2. c4 c6 3. Nf3 Nf6 4. e3 Bf5 5. Nc3 e6 6. Be2 Bb4 7. Bd2 Nbd7 8. c5 Bxc3 9. Bxc3 Ne4 10. Qc1 Ndf6 11. Ne5 Nxc3 12. Qxc3 Ne4 13. Qb3 Qa5+ 14. Kf1 Nd2+ 15. Kg1 Nxb3 16. Rd1 Qxa2 17. g3 Qxb2 18. Bf3 Be4 19. Bxe4 dxe4 20. Kg2 Qc2 21. Rb1 a5 22. Rhc1 Nxc1 23. Rxb7 O-O 24. Nxc6 Nd3 25. Ne7+ Kh8 26. c6 Rac8 27. Nxc8 Rxc8 28. Rxf7 Qxf2+ 29. Rxf2 Nxf2 30. Kxf2 Rxc6 31. Kg2 a4 32. Kh3 a3 33. Kg4 a2 34. Kf4 a1=Q 35. Kxe4 Qh1+ 36. Ke5 Qxh2 37. d5 Qxg3+ 38. Kd4 exd5 39. Kxd5 Qd6+ 40. Ke4 Rc5 41. Kf3 Qe5 42. Ke2 Rc3 43. Kd1 Qh2 44. e4 Rc2 45. e5 Qe2# 0-1

[Event "NAYCC U14"]
[Site "Toronto CAN"]
[Date "2013.08.15"]
[Round "3"]
[White "Lee, Stefano"]
[Black "Forsyth, Dane"]
[Result "0-1"]
[WhiteElo "922"]
[BlackElo "1180"]
[PlyCount "36"]
[GameId "2160767909284057"]
[EventDate "2013.08.14"]
[EventType "swiss"]
[EventRounds "9"]
[EventCountry "CAN"]

1. e4 c5 2. Nf3 d6 3. d4 cxd4 4. Nxd4 e5 5. Nb3 Nf6 6. Nc3 Nc6 7. Be2 Be7 8. O-O a6 9. Be3 b5 10. Qd2 Bb7 11. Rad1 h6 12. Nd5 Nxe4 13. Qd3 Nc5 14. Nxc5 dxc5 15. Qc3 Bf6 16. Bxc5 Nd4 17. Bxd4 Qxd5 18. Bc5 Qxg2# 0-1

[Event "NAYCC U14"]
[Site "Toronto CAN"]
[Date "2013.08.15"]
[Round "3"]
[White "Michelashvili, Alexandre"]
[Black "Baskaran, Karthik"]
[Result "1-0"]
[WhiteElo "1759"]
[BlackElo "1382"]
[PlyCount "77"]
[GameId "2160767909284059"]
[EventDate "2013.08.14"]
[EventType "swiss"]
[EventRounds "9"]
[EventCountry "CAN"]
[SourceTitle "EXT 2022"]
[Source "ChessBase"]
[SourceDate "2021.10.06"]
[SourceVersion "1"]
[SourceVersionDate "2021.10.06"]
[SourceQuality "1"]

1. e4 c5 2. c3 d6 3. d4 cxd4 4. cxd4 g6 5. Nf3 Bg7 6. Bc4 Nf6 7. Nc3 Nc6 8. d5 Ne5 9. Nxe5 dxe5 10. h3 O-O 11. Be3 Bd7 12. O-O Rc8 13. Bd3 a6 14. Qb3 b5 15. a4 Rb8 16. axb5 Bxb5 17. Bxb5 axb5 18. Bc5 Qd7 19. Qb4 Rfc8 20. Ra7 Rc7 21. Rxc7 Qxc7 22. Bxe7 Qc4 23. Qd6 Re8 24. Bxf6 Bxf6 25. Qxf6 b4 26. d6 Qc8 27. Nd5 Qd7 28. Ne7+ Qxe7 29. Qxe7 Rxe7 30. dxe7 b3 31. e8=Q+ Kg7 32. Qxe5+ f6 33. Qe7+ Kh6 34. Qf8+ Kg5 35. f4+ Kh5 36. g4+ Kh4 37. Kg2 h5 38. Qxf6+ g5 39. Qxg5# 1-0

[Event "NAYCC U14"]
[Site "Toronto CAN"]
[Date "2013.08.15"]
[Round "3"]
[White "Nitu, Vladimir"]
[Black "Chen, George"]
[Result "1/2-1/2"]
[WhiteElo "1446"]
[BlackElo "1158"]
[PlyCount "42"]
[GameId "2160767909284060"]
[EventDate "2013.08.14"]
[EventType "swiss"]
[EventRounds "9"]
[EventCountry "CAN"]

1. d4 d5 2. Nf3 c5 3. e3 Nf6 4. b3 Bg4 5. Bb2 Nc6 6. Nbd2 e6 7. Be2 Bd6 8. O-O O-O 9. c4 cxd4 10. Nxd4 Bxe2 11. Qxe2 Rc8 12. Rac1 Nxd4 13. Bxd4 Bc5 14. Bb2 Bb4 15. Rfd1 Bxd2 16. Rxd2 Ne4 17. Rd3 Qa5 18. Qg4 g6 19. f3 dxc4 20. bxc4 Rxc4 21. Rcd1 Nd6 1/2-1/2

[Event "NAYCC U14"]
[Site "Toronto CAN"]
[Date "2013.08.15"]
[Round "3"]
[White "Pillai, Kadhir A"]
[Black "Guo, Richard"]
[Result "1-0"]
[WhiteElo "2134"]
[BlackElo "1766"]
[PlyCount "59"]
[GameId "2160767909284061"]
[EventDate "2013.08.14"]
[EventType "swiss"]
[EventRounds "9"]
[EventCountry "CAN"]
[SourceTitle "EXT 2022"]
[Source "ChessBase"]
[SourceDate "2021.10.06"]
[SourceVersion "1"]
[SourceVersionDate "2021.10.06"]
[SourceQuality "1"]

1. e4 d6 2. d4 Nf6 3. Nc3 g6 4. Nf3 Bg7 5. Be2 c6 6. O-O b5 7. Bd3 O-O 8. a3 Na6 9. d5 cxd5 10. exd5 Nc7 11. Nxb5 Ncxd5 12. c4 Nb6 13. Re1 Be6 14. Qe2 Qc8 15. b3 Nfd7 16. Bb2 Nc5 17. Bxg7 Kxg7 18. Bc2 a5 19. a4 Qd7 20. Rad1 Rfe8 21. Qe3 Rab8 22. Qc3+ f6 23. Qxa5 Bf5 24. Bxf5 Qxf5 25. Nc7 Rec8 26. Rxe7+ Kg8 27. Rxd6 Rxc7 28. Rxc7 Ra8 29. Qxa8+ Nxa8 30. Rd8# 1-0

[Event "NAYCC U14"]
[Site "Toronto CAN"]
[Date "2013.08.15"]
[Round "3"]
[White "Saha, Ananda"]
[Black "Song, Eric"]
[Result "0-1"]
[WhiteElo "1806"]
[BlackElo "1759"]
[PlyCount "122"]
[GameId "2160767909284062"]
[EventDate "2013.08.14"]
[EventType "swiss"]
[EventRounds "9"]
[EventCountry "CAN"]
[SourceTitle "EXT 2022"]
[Source "ChessBase"]
[SourceDate "2021.10.06"]
[SourceVersion "1"]
[SourceVersionDate "2021.10.06"]
[SourceQuality "1"]

1. d4 Nf6 2. c4 e6 3. Nc3 Bb4 4. e3 b6 5. Nge2 Bb7 6. a3 Bxc3+ 7. Nxc3 d5 8. cxd5 Nxd5 9. Bb5+ c6 10. Ba4 O-O 11. O-O Nd7 12. e4 Nxc3 13. bxc3 c5 14. Bc2 Rc8 15. Be3 f5 16. exf5 exf5 17. f3 f4 18. Bf2 c4 19. Re1 Nf6 20. Bf5 Rc7 21. Be6+ Kh8 22. Re5 Bd5 23. Bxd5 Nxd5 24. Qc2 b5 25. Rae1 Kg8 26. R1e4 Rd7 27. Qc1 h6 28. Qe1 Qa5 29. Re8 Rd8 30. Rxd8 Qxd8 31. Bh4 g5 32. Bf2 Qa5 33. Re5 Nc7 34. h4 Qxa3 35. hxg5 Qd6 36. Qe4 Rf7 37. d5 hxg5 38. Rxg5+ Kf8 39. Rg6 Qxd5 40. Qb1 a5 41. Rh6 Qe5 42. Bd4 Qf5 43. Rh8+ Ke7 44. Qe1+ Ne6 45. Ra8 a4 46. Qh4+ Kd6 47. Ra6+ Kd5 48. Bf2 Qb1+ 49. Be1 Qf5 50. Qf2 Rb7 51. Qe2 Nc5 52. Ra8 Qd3 53. Rd8+ Rd7 54. Qxd3+ cxd3 55. Rb8 Kc4 56. Bd2 a3 57. Ra8 Na4 58. Rc8+ Kb3 59. Rb8 a2 60. Rxb5+ Kc2 61. Bxf4 a1=Q+ 0-1

[Event "NAYCC U14"]
[Site "Toronto CAN"]
[Date "2013.08.15"]
[Round "3"]
[White "Sirkovich, Daniel"]
[Black "Luo, Alan"]
[Result "1-0"]
[WhiteElo "1768"]
[BlackElo "1479"]
[PlyCount "60"]
[GameId "2160767909284063"]
[EventDate "2013.08.14"]
[EventType "swiss"]
[EventRounds "9"]
[EventCountry "CAN"]
[SourceTitle "EXT 2022"]
[Source "ChessBase"]
[SourceDate "2021.10.06"]
[SourceVersion "1"]
[SourceVersionDate "2021.10.06"]
[SourceQuality "1"]

1. e4 e5 2. Nf3 d6 3. d4 Nf6 4. Nc3 Nbd7 5. Bc4 Be7 6. O-O O-O 7. h3 c6 8. Be3 b5 9. Bd3 Bb7 10. Ne2 exd4 11. Nfxd4 a6 12. Ng3 c5 13. Ndf5 c4 14. Be2 Nxe4 15. Nxe4 Bxe4 16. Nxd6 Bxd6 17. Qxd6 Bxc2 18. Bf3 Nf6 19. Qg3 Rc8 20. Rac1 Bg6 21. Rfd1 Qe7 22. Bf4 Rfd8 23. Re1 Qa7 24. Be5 Qb6 25. Re3 Rd3 26. Rxd3 Bxd3 27. Bd5 Bg6 28. Rd1 Nxd5 29. Rxd5 Qa5 30. Bc3 Qxa2 1-0

[Event "NAYCC U14"]
[Site "Toronto CAN"]
[Date "2013.08.15"]
[Round "3"]
[White "Wang, Eric1"]
[Black "Cheung, Lukas"]
[Result "1-0"]
[WhiteElo "1870"]
[BlackElo "1604"]
[PlyCount "117"]
[GameId "2160767909284064"]
[EventDate "2013.08.14"]
[EventType "swiss"]
[EventRounds "9"]
[EventCountry "CAN"]
[SourceTitle "EXT 2022"]
[Source "ChessBase"]
[SourceDate "2021.10.06"]
[SourceVersion "1"]
[SourceVersionDate "2021.10.06"]
[SourceQuality "1"]

1. d4 Nf6 2. Nf3 e6 3. c4 b6 4. g3 Bb7 5. Bg2 Bb4+ 6. Bd2 Qe7 7. O-O d5 8. Ne5 O-O 9. Nc3 Nbd7 10. Bg5 Bxc3 11. bxc3 Qa3 12. Nxd7 Nxd7 13. cxd5 exd5 14. c4 c6 15. cxd5 cxd5 16. Qc2 Rac8 17. Qf5 Qd6 18. Bf4 Qe6 19. Bh3 Rfe8 20. Rac1 Nf6 21. Qxe6 fxe6 22. Rxc8 Bxc8 23. Rc1 Bd7 24. Rc7 a5 25. Be5 Rd8 26. Bxf6 gxf6 27. Rxd7 Rxd7 28. Bxe6+ Rf7 29. Bxd5 Kf8 30. Bxf7 Kxf7 31. Kf1 Ke6 32. e4 b5 33. Ke2 h6 34. g4 Kd6 35. Kd3 Ke6 36. f4 Ke7 37. h4 Ke6 38. d5+ Kd6 39. Kd4 a4 40. e5+ fxe5+ 41. fxe5+ Ke7 42. Kc5 Kd7 43. Kxb5 a3 44. Kb4 Ke7 45. Kxa3 Kd7 46. Kb4 Ke7 47. a4 Kd7 48. a5 Kc7 49. e6 Kd6 50. a6 Ke7 51. a7 h5 52. g5 Kd6 53. a8=Q Ke5 54. e7 Kf4 55. e8=Q Kg3 56. Qe4 Kh3 57. Qa3+ Kh2 58. Qe2+ Kg1 59. Qc1# 1-0

[Event "NAYCC U14"]
[Site "Toronto CAN"]
[Date "2013.08.15"]
[Round "3"]
[White "Yanchev, Venelin"]
[Black "Roque Sola, Jose Luis"]
[Result "0-1"]
[WhiteElo "550"]
[BlackElo "1747"]
[PlyCount "88"]
[GameId "2160767909284065"]
[EventDate "2013.08.14"]
[EventType "swiss"]
[EventRounds "9"]
[EventCountry "CAN"]
[SourceTitle "EXT 2022"]
[Source "ChessBase"]
[SourceDate "2021.10.06"]
[SourceVersion "1"]
[SourceVersionDate "2021.10.06"]
[SourceQuality "1"]

1. d4 e6 2. e3 Nf6 3. c4 b6 4. Nf3 Bb7 5. Be2 c5 6. O-O Be7 7. h3 O-O 8. dxc5 bxc5 9. Nc3 a6 10. Bd3 Nc6 11. a3 h6 12. Re1 d5 13. cxd5 exd5 14. Ne2 Bd6 15. e4 dxe4 16. Bxe4 Nxe4 17. Qb3 Qc7 18. Rd1 Nf6 19. Rxd6 Qxd6 20. Qxb7 Ne5 21. Bf4 Nxf3+ 22. Qxf3 Qe6 23. Rd1 Rfe8 24. Rd2 Ne4 25. Rc2 Rad8 26. Kh2 Qg6 27. h4 Nxf2 28. Rxc5 Ng4+ 29. Kh3 Rd3 30. h5 Rxf3+ 31. gxf3 Nf2+ 32. Kh2 Qf6 33. Kg3 Nd3 34. Rc2 Rxe2 35. Rxe2 Qxf4+ 36. Kg2 Ne5 37. Rf2 Qg5+ 38. Kf1 Qxh5 39. f4 Qd1+ 40. Kg2 Nd3 41. Rf1 Qe2+ 42. Kg1 h5 43. b4 h4 44. Kh1 Qxf1+ 0-1

[Event "NAYCC U14"]
[Site "Toronto CAN"]
[Date "2013.08.15"]
[Round "3"]
[White "Ye, Hanyuan"]
[Black "Lei, Sean"]
[Result "1-0"]
[WhiteElo "1971"]
[BlackElo "1310"]
[PlyCount "132"]
[GameId "2160767909284066"]
[EventDate "2013.08.14"]
[EventType "swiss"]
[EventRounds "9"]
[EventCountry "CAN"]
[SourceTitle "EXT 2022"]
[Source "ChessBase"]
[SourceDate "2021.10.06"]
[SourceVersion "1"]
[SourceVersionDate "2021.10.06"]
[SourceQuality "1"]

1. e4 c5 2. Nf3 Nc6 3. d4 cxd4 4. Nxd4 Nf6 5. Nc3 g6 6. Be3 Bg7 7. Bc4 d6 8. f3 a6 9. Qd2 Bd7 10. O-O-O b5 11. Bb3 h5 12. Nd5 Ne5 13. Ne2 Nxd5 14. Bxd5 Nc4 15. Bxc4 bxc4 16. Bd4 O-O 17. Bxg7 Kxg7 18. Qd4+ Kg8 19. e5 Bf5 20. exd6 exd6 21. Qxd6 Qg5+ 22. Nf4 Rad8 23. Qe5 Rde8 24. Qd4 Rd8 25. Qe3 Rde8 26. Qd2 c3 27. bxc3 Qe7 28. Kb2 Rd8 29. Nd5 Qb7+ 30. Ka1 Be6 31. c4 f5 32. Rhe1 Rb8 33. Rb1 Qg7+ 34. c3 Bxd5 35. cxd5 Rbc8 36. Re3 Rfd8 37. Rd3 Kh7 38. Rb4 Rc5 39. Rbd4 Rb8 40. d6 Rcb5 41. Qc2 Qb7 42. Rd1 Rb2 43. Qc1 Rxg2 44. d7 Rd8 45. c4 Qxf3 46. c5 Qc6 47. Rd6 Qa4 48. R1d2 Rxd2 49. Qxd2 Qe4 50. c6 Qe5+ 51. Rd4 Qc5 52. Rd6 Qe5+ 53. Qd4 Qe1+ 54. Kb2 Rb8+ 55. Kc2 Qb1+ 56. Kc3 Qb2+ 57. Kd3 Qb1+ 58. Ke3 Qe1+ 59. Kf3 Qh1+ 60. Kg3 Qe1+ 61. Kf4 Qh4+ 62. Ke5 Qe7+ 63. Kd5 Qf7+ 64. Re6 Rb5+ 65. Kd6 Qf8+ 66. Re7+ Kg8 1-0

[Event "NAYCC U14"]
[Site "Toronto CAN"]
[Date "2013.08.15"]
[Round "3"]
[White "Yu, Wenlu"]
[Black "Kong, Aaron"]
[Result "1-0"]
[WhiteElo "2002"]
[BlackElo "1154"]
[PlyCount "117"]
[GameId "2160767909284067"]
[EventDate "2013.08.14"]
[EventType "swiss"]
[EventRounds "9"]
[EventCountry "CAN"]
[SourceTitle "EXT 2022"]
[Source "ChessBase"]
[SourceDate "2021.10.06"]
[SourceVersion "1"]
[SourceVersionDate "2021.10.06"]
[SourceQuality "1"]

1. e4 c6 2. d4 d5 3. Nc3 dxe4 4. Nxe4 Bf5 5. Ng3 Bg6 6. N1e2 e6 7. Nf4 Nd7 8. Bc4 Qc7 9. Qe2 O-O-O 10. Be3 Bd6 11. Nxg6 hxg6 12. O-O-O Nb6 13. Bb3 Nf6 14. Kb1 Nfd5 15. Qf3 Nxe3 16. fxe3 Bxg3 17. hxg3 Qe7 18. a3 Qf6 19. Rhf1 Nd7 20. Qg4 Qe7 21. Rh1 Nf6 22. Qf3 Nd7 23. g4 Qf6 24. Qg3 Rxh1 25. Rxh1 g5 26. Kc1 Qe7 27. Qf3 f6 28. Kb1 Kc7 29. Qe4 e5 30. Rh7 Nf8 31. Rh1 Nd7 32. Rh7 Nf8 33. Rh1 Nd7 34. c3 Kc8 35. Ka2 Kc7 36. Rh7 Nf8 37. Rh1 Nd7 38. Rh5 Kb8 39. Rh7 Nf8 40. Rh8 Kc7 41. Rg8 Nd7 42. Rxd8 Kxd8 43. Qf5 Kc7 44. Be6 Kd8 45. Bb3 Kc7 46. e4 Kd8 47. Kb1 Kc7 48. Kc2 Nf8 49. d5 cxd5 50. Bxd5 g6 51. Qf1 Nd7 52. Qb5 Nb6 53. b4 Nxd5 54. Qxd5 Qe8 55. Kb3 a6 56. Qc5+ Qc6 57. Qe7+ Kb6 58. a4 Qxe4 59. Qc5# 1-0

[Event "NAYCC U14"]
[Site "Toronto CAN"]
[Date "2013.08.15"]
[Round "3"]
[White "Zhang, Jeff"]
[Black "D'Alonzo, Joseph"]
[Result "1-0"]
[WhiteElo "1493"]
[BlackElo "1228"]
[PlyCount "93"]
[GameId "2160767909284068"]
[EventDate "2013.08.14"]
[EventType "swiss"]
[EventRounds "9"]
[EventCountry "CAN"]
[SourceTitle "EXT 2022"]
[Source "ChessBase"]
[SourceDate "2021.10.06"]
[SourceVersion "1"]
[SourceVersionDate "2021.10.06"]
[SourceQuality "1"]

1. e4 e6 2. d4 d5 3. Nd2 Nc6 4. c3 Nge7 5. Bd3 dxe4 6. Nxe4 e5 7. dxe5 Nxe5 8. Bb5+ Bd7 9. Bxd7+ Nxd7 10. Nf3 Ng6 11. O-O Be7 12. Qb3 Nb6 13. Be3 O-O 14. Rad1 Qc8 15. Rfe1 Qf5 16. Ng3 Qf6 17. Bg5 Qc6 18. Bxe7 Rfe8 19. Bg5 h6 20. Rxe8+ Rxe8 21. Be3 Ne5 22. Nxe5 Rxe5 23. Bxb6 axb6 24. Qc2 h5 25. Rd8+ Re8 26. Rxe8+ Qxe8 27. Qe4 Qxe4 28. Nxe4 Kf8 29. f3 Ke7 30. Kf2 Ke6 31. Ke3 g6 32. Kf4 f6 33. Nd2 g5+ 34. Ke3 Ke5 35. Nb3 c5 36. c4 f5 37. Nc1 f4+ 38. Kd3 g4 39. Ne2 Kf5 40. a3 h4 41. fxg4+ Kxg4 42. Ke4 h3 43. gxh3+ Kxh3 44. Nxf4+ Kxh2 45. Nd5 Kg2 46. Nxb6 Kf2 47. Kd5 1-0

[Event "NAYCC U14"]
[Site "Toronto CAN"]
[Date "2013.08.15"]
[Round "3"]
[White "Zhong, Joey"]
[Black "Tao, Jeffrey"]
[Result "1/2-1/2"]
[WhiteElo "1901"]
[BlackElo "1958"]
[PlyCount "57"]
[GameId "2160767909284069"]
[EventDate "2013.08.14"]
[EventType "swiss"]
[EventRounds "9"]
[EventCountry "CAN"]
[SourceTitle "EXT 2022"]
[Source "ChessBase"]
[SourceDate "2021.10.06"]
[SourceVersion "1"]
[SourceVersionDate "2021.10.06"]
[SourceQuality "1"]

1. e4 c5 2. Nf3 d6 3. d4 cxd4 4. Nxd4 Nf6 5. Nc3 a6 6. Bg5 e6 7. Qe2 Qc7 8. O-O-O Be7 9. f4 Nbd7 10. g4 b5 11. a3 Rb8 12. Bg2 Nc5 13. e5 dxe5 14. Nc6 exf4 15. Nxb8 Qxb8 16. Rhf1 e5 17. Bxf6 Bxf6 18. Bc6+ Kf8 19. Rxf4 Qc7 20. Rxf6 gxf6 21. Bg2 Be6 22. Rf1 Ke8 23. Qf2 Qe7 24. Qh4 Bc4 25. Rf5 h6 26. Bd5 Nd7 27. Bxc4 bxc4 28. Ne4 Qe6 29. Qf2 1/2-1/2

[Event "NAYCC U14"]
[Site "Toronto CAN"]
[Date "2013.08.16"]
[Round "4"]
[White "Baskaran, Karthik"]
[Black "D'Amore, Tyler"]
[Result "0-1"]
[WhiteElo "1382"]
[BlackElo "1036"]
[PlyCount "119"]
[GameId "2160767909284070"]
[EventDate "2013.08.14"]
[EventType "swiss"]
[EventRounds "9"]
[EventCountry "CAN"]
[SourceTitle "hb 2013"]

1. e4 c5 2. Nf3 d6 3. d4 cxd4 4. Nxd4 Nf6 5. Nc3 a6 6. Be3 e5 7. Nf3 Be7 8. h3 O-O 9. Bd3 b5 10. Nd5 Nxd5 11. exd5 Bb7 12. c4 bxc4 13. Bxc4 Nd7 14. O-O Nf6 15. Qb3 Qd7 16. Rfd1 Rfb8 17. Qc2 Rc8 18. Qe2 a5 19. Nh4 Nxd5 20. Bxd5 Bxd5 21. Rxd5 Bxh4 22. Qh5 Be7 23. Qxe5 Bf6 24. Rxd6 Bxe5 25. Rxd7 Rc2 26. Rad1 h6 27. R7d2 Rxb2 28. Rxb2 Bxb2 29. Rb1 Bc3 30. Rb3 Bb4 31. a3 Bd6 32. a4 Kf8 33. Kf1 Bb4 34. Ke2 Ke7 35. Rd3 Rc8 36. Bd4 Rc2+ 37. Kf3 g6 38. Re3+ Kf8 39. Re2 Rxe2 40. Kxe2 h5 41. Kd3 Ke7 42. Kc4 Ke6 43. Kb5 Kd5 44. Bb6 f5 45. Bxa5 Bd6 46. h4 Be7 47. g3 g5 48. hxg5 Bxg5 49. Bc3 h4 50. Be1 h3 51. a5 h2 52. a6 h1=Q 53. a7 Kd6 54. Bb4+ Kd7 55. Kc4 Qb7 56. Bc5 Qc6 57. Kd3 Kc7 58. Be3 Qe4+ 59. Kd2 Bxe3+ 60. fxe3 0-1